Les 3 meilleurs buteurs de chaque pays en coupe du monde (depuis 2002) - Statistiques

Statistiques générales
  • Ce quiz a été pris 106 fois
  • Le résultat moyen est 40 sur 113
Statistiques - réponses
Pays Joueurs Buts % Correct
Portugal Cristiano Ronaldo 8
98%
Brésil Ronaldo 11
97%
Argentine Lionel Messi 13
95%
France Kylian Mbappé 12
94%
Allemagne Thomas Muller 10
93%
Allemagne Miroslav Klose 16
91%
Brésil Neymar 8
91%
France Antoine Griezmann 4
86%
France Olivier Giroud 5
86%
Uruguay Luis Suarez 7
85%
Uruguay Edinson Cavani 4
84%
Angleterre Harry Kane 8
78%
Belgique Romelu Lukaku 5
77%
Espagne David Villa 9
76%
Espagne Fernando Torres 4
76%
Colombie James Rodriguez 6
76%
Belgique Eden Hazard 3
72%
Pays-Bas Robin Van Persie 6
71%
Corée du Sud Heung Min Son 3
70%
Pologne Robert Lewandowski 2
68%
Uruguay Diego Forlan 5
67%
Pays-Bas Arjen Robben 5
66%
Croatie Mario Mandzukic 5
63%
Croatie Ivan Perisic 6
60%
Cameroun Samuel Eto'o 3
60%
Danemark Bendtner, Poulsen, Eriksen, Jorgensen, Christensen 1
57%
Côte d'Ivoire Drogba, Dindane, Gervinho, Bony 2
57%
Italie Del Piero, Materazzi, Toni, Iaquinta 2
56%
Senegal Fadiga, Diao, Dieng, Niang, Mane, Wague, Dia, Diedhiou, Sarr, Koulibaly 1
56%
Argentine Gonzalo Higuain 5
55%
Chili Alexis Sanchez 2
54%
Suisse Frei, Xhaka, Dzemaili, Embolo 2
54%
Mexique Javier Hernandez 4
54%
Brésil Rivaldo 5
51%
Bosnie Dzeko, Pjanic, Ibisevic, Vrsajevic 1
49%
Suisse Xherdan Shaqiri 5
49%
Ghana André Ayew 3
47%
Argentine Crespo, Alvarez 4
46%
Equateur Enner Valencia 6
46%
Angleterre Gerrard, Rashford, Saka 3
46%
Ukraine Andriy Chevtchenko 2
45%
Colombie Cuadrado, Quintero, Martinez 2
45%
Pays-Bas Wesley Sneijder 6
40%
Tunisie Wahbi Khazri 3
38%
Russie Golovin, Titov, Karpin, Beschastnykh, Sychev, Kerjakov, Kokorin, Gazinski, Fernandes 1
37%
Algerie Islam Slimani 2
37%
États Unis Landon Donovan 5
37%
États Unis Clint Dempsey 4
36%
Suede Henrik Larsson 4
34%
Portugal Pedro Miguel Pauleta 4
34%
Espagne Raul 4
34%
Irlande Robbie Keane 3
34%
Serbie Aleksandar Mitrovic 3
32%
Portugal Goncalo Ramos 3
32%
Serbie Milinkovic-Savic, Ilic, Zigic, Jovanovic, Pantelic, Kolarov, Pavlovic, Vlahovic 1
32%
Ghana Asamoah Gyan 6
31%
Japon Keisuke Honda 4
30%
Allemagne Lukas Podolski 5
30%
Costa Rica Ronald Gomez 3
30%
Australie Tim Cahill 3
29%
Suede Alexandersson, Svensson, Ljungberg, Allback, Toivonen, Augustinsson, Forsberg 1
28%
Corée du Sud Park Ji Sung 3
28%
Cameroun Vincent Aboubakar 2
28%
Algerie Feghouli, Halliche, Brahimi 1
23%
Maroc Youssef En-Nesyri 3
23%
Russie Artyom Dziouba 3
22%
Iran Mehdi Taremi 2
22%
Croatie Andrej Kramaric 3
21%
Afrique du Sud Nomvethe, Tshabalala, Mokoena, Fortune, McCarthy, Radebe, Khumalo, Mphela 1
21%
Maroc Sabiri, Aboukhlal, Dari, Ziyech, Boutaib 1
21%
Nigeria Ahmed Musa 4
18%
Italie Christian Vieri 4
18%
Nigeria Aghahowa, Aiyegbeni, Odemwingie, Moses 1
16%
Chili Millar, Gonzalez, Valdivia, Aranguiz, Vargas 1
15%
Mexique Rafael Marquez 3
15%
Costa Rica Bryan Ruiz 2
14%
Russie Denis Tcherychev 4
14%
Ghana Kudus, Muntari 2
14%
Colombie Yerry Mina 3
14%
Corée du Sud Jung Hwan Ahn 3
13%
Arabie Saoudite Salem Al Dawsari 3
11%
Japon Inamoto, Okazaki, Doan, Inui 2
10%
Pologne Olisadebe, Kryszalowicz, Zewlakow, Krychowiak, Bednarek, Zielinski 1
10%
Danemark John Dahl Tomasson 5
9%
Cameroun Lauren, M'Boma, Matip, Castelletto, Choupo 1
8%
Australie Mile Jedinak 3
8%
Senegal Papa Bouba Diop 3
8%
Paraguay Santa Cruz, Arce, Campos, Alcaraz, Vera, Riveros 1
8%
Algerie Abdelmoumene Djabou 2
6%
Mexique Blanco, Borgetti, Bravo 2
6%
Arabie Saoudite Al Qathani, Al Shehri, Al Faraj, Al Jaber 1
5%
Chili Jean Beausejour 2
5%
Belgique Marc Wilmots 3
5%
Costa Rica Paulo Wanchope 3
5%
Grèce Samaras, Papastathopoulos, Samaris, Salpingidis, Torosidis 1
5%
Slovénie Birsa, Ljubijankic, Koren, Acimovic, Cimirotic 1
3%
Turquie Hasan Sas 2
3%
Ukraine Kalynychenko, Rebrov, Rusol 1
3%
Equateur Agustin Delgado 3
2%
Tunisie Ben Youssef, Bouzaiene, Jaziri, Jaidi, Mnari, Sassi, Bronn 1
2%
Senegal Henri Camara 2
2%
Irlande Holland, Duff, Breen 1
2%
Suede Andreas Granqvist 2
1%
Equateur Carlos Tenorio 2
1%
Danemark Dennis Rommedahl 2
1%
Iran Golmohammadi, Bakhtiarizadeh, Ghoochannejhad, Ansarifard, Cheshmi, Rezaeian 1
1%
Nigeria Kalu Uche 2
1%
Pologne Bartosz Bosacki 2
0%
Australie Brett Holman 2
0%
États Unis Brian McBride 2
0%
Turquie Mansiz Ilhan 3
0%
Paraguay Nelson Cuevas 3
0%
Turquie Umit Davala 2
0%
Aucun quiz correspondant
Distribution des résultats
% des personnes avec chaque résultat
Percentile par nombre de réponses
Votre historique - résultats
Vous n’avez pas pris ce quiz